5HLuxD.jpg

KING HENRY VIII SENIOR AND PRIMARY SCHOOL LIBRARY OPAC

Debt : (Record no. 623)

000 -LEADER
fixed length control field 02946cam a2200385 i 4500
001 - CONTROL NUMBER
control field vtls001721052
003 - CONTROL NUMBER IDENTIFIER
control field VRT
005 - DATE AND TIME OF LATEST TRANSACTION
control field 20190904125517.0
008 - FIXED-LENGTH DATA ELEMENTS--GENERAL INFORMATION
fixed length control field 160425t20142012nyua b 001 0 eng
010 ## - LIBRARY OF CONGRESS CONTROL NUMBER
LC control number 2013-497354
020 ## - INTERNATIONAL STANDARD BOOK NUMBER
International Standard Book Number 9781612194196
Qualifying information (paperback)
020 ## - INTERNATIONAL STANDARD BOOK NUMBER
International Standard Book Number 1612194192
Qualifying information (paperback) :
035 ## - SYSTEM CONTROL NUMBER
System control number (OCoLC)ocn894149432
040 ## - CATALOGING SOURCE
Original cataloging agency DLC
Language of cataloging eng
Description conventions rda
Transcribing agency DLC
Modifying agency OCLCO
-- YDXCP
-- BTCTA
-- BDX
-- OCLCF
-- NPIPC
-- YBM
-- OCLCQ
-- S3O
-- OCLCO
-- TKU
042 ## - AUTHENTICATION CODE
Authentication code nbic
082 ## - DEWEY DECIMAL CLASSIFICATION NUMBER
Classification number 332 GRA
100 1# - MAIN ENTRY--PERSONAL NAME
Personal name Graeber, David,
Relator term author.
245 10 - TITLE STATEMENT
Title Debt :
Remainder of title the first 5,000 years /
Statement of responsibility, etc. David Graeber.
246 ## - VARYING FORM OF TITLE
Title proper/short title Debt :
Remainder of title the first five thousand years /
250 ## - EDITION STATEMENT
Edition statement Updated and expanded edition.
260 ## - PUBLICATION, DISTRIBUTION, ETC.
Date of publication, distribution, etc. [2014]
264 #1 - PRODUCTION, PUBLICATION, DISTRIBUTION, MANUFACTURE, AND COPYRIGHT NOTICE
Place of production, publication, distribution, manufacture Brooklyn, NY :
Name of producer, publisher, distributor, manufacturer Melville House,
Date of production, publication, distribution, manufacture, or copyright notice [2014]
264 #4 - PRODUCTION, PUBLICATION, DISTRIBUTION, MANUFACTURE, AND COPYRIGHT NOTICE
Date of production, publication, distribution, manufacture, or copyright notice ©2014.
300 ## - PHYSICAL DESCRIPTION
Extent 542 pages :
Other physical details illustrations ;
Dimensions 22 cm.
336 ## - CONTENT TYPE
Content type term text
Content type code txt
Source rdacontent.
337 ## - MEDIA TYPE
Media type term unmediated
Media type code n
Source rdamedia.
338 ## - CARRIER TYPE
Carrier type term volume
Carrier type code nc
Source rdacarrier.
504 ## - BIBLIOGRAPHY, ETC. NOTE
Bibliography, etc. note Includes bibliographical references (pages 463-500) and index.
505 0# - FORMATTED CONTENTS NOTE
Formatted contents note On the experience of moral confusion -- The myth of barter -- Primordial debts -- Cruelty and redemption -- A brief treatise on the moral grounds of economic relations -- Games with sex and death -- Honor and degradation, or, on the foundations of contemporary civilization -- Credit versus bullion and the cycles of history -- The axial age (800 BC -- 600 AD) -- The Middle Ages (600AD -- 145o AD) -- Age of the great capitalist empires (1450-1971) -- The beginning of something yet to be determined (1971 -- Present)
520 ## - SUMMARY, ETC.
Summary, etc. "Before there was money, there was debt. Every economics textbook says the same thing: Money was invented to replace onerous and complicated barter systems--to relieve ancient people from having to haul their goods to market. The problem with this version of history? There's not a shred of evidence to support it. Here anthropologist David Graeber presents a stunning reversal of conventional wisdom. He shows that for more than 5,000 years, since the beginnings of the first agrarian empires, humans have used elaborate credit systems to buy and sell goods - that is, long before the invention of coins or cash. It is in this era, Graeber argues, that we also first encounter a society divided into debtors and creditors. Graeber shows that arguments about debt and debt forgiveness have been at the center of political debates from Italy to China, as well as sparking innumerable insurrections. He also brilliantly demonstrates that the language of the ancient works of law and religion (words like guilt, sin, and redemption) derive in large part from ancient debates about debt, and shape even our most basic ideas of right and wrong. We are still fighting these battles today without knowing it"--Publisher's description.
650 #0 - SUBJECT ADDED ENTRY--TOPICAL TERM
Topical term or geographic name entry element Debt
General subdivision History.
650 #0 - SUBJECT ADDED ENTRY--TOPICAL TERM
Topical term or geographic name entry element Money
General subdivision History.
650 #0 - SUBJECT ADDED ENTRY--TOPICAL TERM
Topical term or geographic name entry element Financial crises
General subdivision History.
942 ## - ADDED ENTRY ELEMENTS (KOHA)
Source of classification or shelving scheme
Koha item type Books - Non Ficton
Holdings
Withdrawn status Lost status Source of classification or shelving scheme Damaged status Not for loan Collection code Permanent Location Current Location Shelving location Date acquired Full call number Barcode Date last seen Price effective from Koha item type
          Non-Fiction KH8 Senior School Library KH8 Senior School Library Non Fiction 2019-09-04 332 GRA 3KHSL000101329 2019-09-04 2019-09-04 Books - Non Ficton

Powered By KH8 IT Dept